Top 10 meilleurs buteurs de l'Equipe d'Italie - Statistiques

Statistiques générales
  • Ce quiz a été pris 33 fois
  • Le résultat moyen est 3 sur 10
Statistiques - réponses
Classement Nb Sélection Nb Buts Réponse % Correct
5 91 27 Alessandro Del Piero
84%
4 56 27 Roberto Baggio
63%
7 57 25 Filippo Inzaghi
59%
9 49 23 Christian Vieri
44%
2 53 33 Giuseppe Meazza
31%
1 42 35 Luigi Riva
16%
8 61 25 Alessandro Altobelli
6%
10 64 23 Francesco Graziani
3%
6 47 25 Adolfo Baloncieri
0%
3 34 30 Silvio Piola
0%
Aucun quiz correspondant
Distribution des résultats
% des personnes avec chaque résultat
Percentile par nombre de réponses
Votre historique - résultats
Vous n’avez pas pris ce quiz